| 000 | 01003nam a2200253 a 4500 | ||
|---|---|---|---|
| 001 | 000012282 | ||
| 005 | 20200929162758.0 | ||
| 008 | 091110s1999 dr 001 0bspa d | ||
| 020 | _a9768175524 | ||
| 040 |
_aDO-SdBNP _bspa _cBNPHU |
||
| 082 |
_a325.210943097293 _bD671e |
||
| 100 | 1 |
_aDomin, Hilde, _d1912- _928923 |
|
| 245 | 1 | 0 |
_aEscritos autobiográficos sobre Santo Domingo / _cHilde Domin ; versión en español Roberto Marte. |
| 260 |
_aSanto Domingo : _bEdiciones La Trinitaria, _c1999. |
||
| 300 |
_a97 p. ; _c21 cm. |
||
| 500 | _aIncluye datos biográficos de la autora en la contracubierta. | ||
| 504 | _aIncluye referencias bibliográficas y notas al pie de páginas. | ||
| 590 | _aInventariado, 2018/BT | ||
| 650 | 4 |
_aAlemanes en santo domingo _928924 |
|
| 650 | 4 |
_aRefugiados alemanes _xRelatos personales _928925 |
|
| 651 | 4 |
_aRepública Dominicana _xMigración E Inmigración _ySIGLO XX _928926 |
|
| 700 | 1 |
_aMarte, Roberto, _etr. _912699 |
|
| 910 | _aValidado. Control de calidad. EMS | ||
| 999 |
_c11940 _d11940 |
||